000 00512nam a22001817a 4500
003 CEME
005 20210628203614.0
008 210121b xxu||||| |||| 00| 0 eng d
020 _a81-307-0611-3
040 _c.
082 _a320.473071 MUN
100 _aMunro, William .B
_966515
245 _aThe government of the united states, national, state, and local
260 _aNEW DELHI
_bCOSMO PUBLICATIONS
_c2007
300 _aIX,794 P
650 _aGOVERNMENT OF THE UNITED STATES
_966516
942 _cBK
_2ddc
999 _c574480
_d574480